| 000 | 00562nam a2200169 u 4500 | ||
|---|---|---|---|
| 001 | 000004841 | ||
| 005 | 20240314191552.0 | ||
| 008 | 090727s1995 dr r 000 0 spa d | ||
| 040 |
_aDO-SdBNP _bspa _cBNPHU |
||
| 100 | 1 |
_aEspaillat, Susan _914047 |
|
| 245 | 1 | 3 |
_aLa personalidad penal de las sociedades / _cSusan Espaillat; prólogo Milton L. Ray Guevara. |
| 260 |
_aSanto Domingo : _bTaller, _c1995. |
||
| 300 |
_a130 p. ; _c23 cm. |
||
| 500 | _aIncluye índice | ||
| 500 | _aIncluye notas a pie de páginas | ||
| 700 | 1 |
_aMilton Ray Guevara _d1948- _eprólogo _978143 |
|
| 999 |
_c4647 _d4647 |
||